[Event "Moscow-Open 2021_B"]
[Site "Moscow"]
[Date "2021.02.27"]
[Round "8.20"]
[White "Akulova, Taisiya"]
[Black "Zvereva, Margarita"]
[Result "0-1"]
[WhiteElo "1833"]
[BlackElo "1937"]
[PlyCount "106"]
[EventDate "2021.02.20"]

1. d4 Nf6 2. c4 e6 3. Nf3 d5 4. cxd5 exd5 5. Nc3 c6 6. Bg5 Be7 7. e3 O-O 8. Bd3
h6 9. Bh4 Ne4 10. Bxe7 Qxe7 11. Nd2 Nxd2 12. Qxd2 Nd7 13. h3 Nf6 14. g4 Ne4 15.
Bxe4 dxe4 16. O-O-O Be6 17. Rhg1 Bd5 18. f4 exf3 19. e4 Be6 20. g5 h5 21. Qf4
g6 22. Qxf3 Qb4 23. d5 cxd5 24. Nxd5 Bxd5 25. exd5 Rfd8 26. Rgf1 Rd7 27. Rd3
Re8 28. Rfd1 Rd6 29. Rd4 Qb5 30. Kb1 Re5 31. h4 Qa5 32. Re4 Rexd5 33. Re8+ Kg7
34. Rc1 Re5 35. Rxe5 Qxe5 36. Qxb7 Rb6 37. Qg2 Qd6 38. Rf1 Qd3+ 39. Ka1 Rc6 40.
Qf2 Qc4 41. a3 Rb6 42. Rd1 Qe6 43. Qd4+ Kh7 44. Rf1 Qe7 45. Rc1 Re6 46. Rc4
Re1+ 47. Ka2 Qe6 48. Qf4 Rg1 49. Kb3 Rg4 50. Qc7 Rxh4 51. a4 Qxc4+ 52. Qxc4
Rxc4 53. Kxc4 h4 0-1

[Event "Moscow-Open 2021_B"]
[Site "Moscow"]
[Date "2021.02.27"]
[Round "8.21"]
[White "Baiburina, Kamilla"]
[Black "Voskresenskaya, Marta"]
[Result "1-0"]
[WhiteElo "1829"]
[BlackElo "1853"]
[PlyCount "69"]
[EventDate "2021.02.20"]

1. c4 c6 2. g3 d5 3. Nf3 Bg4 4. Bg2 e6 5. O-O Nd7 6. d3 Ngf6 7. b3 g6 8. Bb2
Bg7 9. Nbd2 O-O 10. h3 Bxf3 11. Nxf3 Qe7 12. Qc2 Rac8 13. e4 dxe4 14. dxe4 e5
15. Rad1 Ne8 16. Rd2 c5 17. Rfd1 Nb8 18. Rd5 f6 19. h4 Nc7 20. R5d2 Rcd8 21.
Ba3 b6 22. b4 Nc6 23. bxc5 bxc5 24. Qa4 Rxd2 25. Rxd2 Nd4 26. Nxd4 exd4 27.
Rxd4 Ne6 28. Rd7 Qe8 29. Qxa7 Rf7 30. Rxf7 Qxf7 31. Bxc5 Qxa7 32. Bxa7 Bf8 33.
Kf1 Kf7 34. Ke2 Ke7 35. Bh3 1-0

[Event "Moscow-Open 2021_B"]
[Site "Moscow"]
[Date "2021.02.27"]
[Round "8.22"]
[White "Alekseenko, Mariya"]
[Black "Mikheeva, Galina"]
[Result "0-1"]
[WhiteElo "1656"]
[BlackElo "1873"]
[PlyCount "70"]
[EventDate "2021.02.20"]

1. c4 Nf6 2. Nf3 e6 3. d4 d5 4. g3 dxc4 5. Qa4+ Bd7 6. Qxc4 Bc6 7. Bg2 Nbd7 8.
Nc3 Nb6 9. Qd3 Bb4 10. O-O O-O 11. a3 Bxc3 12. Qxc3 h6 13. Re1 Rc8 14. Nd2 Bxg2
15. Kxg2 c5 16. dxc5 Qd5+ 17. e4 Qxc5 18. Qf3 Rfd8 19. e5 Nfd7 20. Qh5 Qd5+ 21.
Nf3 Nc4 22. b4 g6 23. Qxh6 Ndxe5 24. Qf4 Nd3 25. Qe4 Nxe1+ 26. Qxe1 f6 27. h4
Ne5 28. Qe2 Qxf3+ 29. Qxf3 Nxf3 30. Kxf3 Rd1 31. Bb2 Rxa1 32. Bxa1 Kf7 33. Bd4
a6 34. a4 Rc4 35. Bc5 a5 0-1

[Event "Moscow-Open 2021_B"]
[Site "Moscow"]
[Date "2021.02.27"]
[Round "8.23"]
[White "Khegai, Darya"]
[Black "Kiseleva, Arina"]
[Result "1-0"]
[WhiteElo "1566"]
[BlackElo "2035"]
[PlyCount "67"]
[EventDate "2021.02.20"]

1. Nf3 c5 2. c4 Nc6 3. Nc3 e5 4. d3 d6 5. g3 g6 6. Bg2 Bg7 7. Bg5 f6 8. Bd2
Nge7 9. Qc1 Be6 10. Bh6 Bxh6 11. Qxh6 Nf5 12. Qd2 Qd7 13. h4 h5 14. Ne4 Kf7 15.
Bh3 b6 16. O-O-O d5 17. Nxf6 Kxf6 18. Qg5+ Kf7 19. cxd5 Qxd5 20. e4 Qd7 21.
exf5 Bxf5 22. Bg2 Qe6 23. Qe3 Kg7 24. Ng5 Qd6 25. Bxc6 Qxc6 26. Qxe5+ Kg8 27.
Rhe1 c4 28. d4 c3 29. b3 b5 30. Qe7 Rf8 31. d5 Qa6 32. Ne6 Bxe6 33. Rxe6 Rf7
34. Qxf7+ 1-0

[Event "Moscow-Open 2021_B"]
[Site "Moscow"]
[Date "2021.02.27"]
[Round "8.24"]
[White "Kvachko, Anastasiya"]
[Black "Yagutian, Mariya"]
[Result "0-1"]
[WhiteElo "1882"]
[BlackElo "1691"]
[PlyCount "96"]
[EventDate "2021.02.20"]

1. e4 e6 2. d4 d5 3. Nd2 Nf6 4. e5 Nfd7 5. Bd3 c5 6. c3 Nc6 7. Ne2 f6 8. exf6
Nxf6 9. Nf3 cxd4 10. Nexd4 Bd6 11. Qe2 Qe7 12. Bg5 O-O 13. Nxc6 bxc6 14. Ne5
Qc7 15. f4 c5 16. O-O c4 17. Bc2 Rb8 18. Rf3 Ne4 19. Bxe4 dxe4 20. Rg3 Qb6+ 21.
Kh1 Bxe5 22. fxe5 Qxb2 23. Qxb2 Rxb2 24. Bf6 Rf7 25. h3 Bb7 26. Rd1 Bd5 27. a4
e3 28. Re1 e2 29. Kg1 Kf8 30. Bd8 Be4 31. Ba5 Bd3 32. Rf3 Rxf3 33. gxf3 Ra2 34.
Bb4+ Kf7 35. a5 Kg6 36. Kf2 Kf5 37. Bd6 Rxa5 38. Rg1 Ra2 39. h4 h6 40. Bf8 Rd2
41. Bxg7 Rd1 42. Re1 h5 43. Bf8 Kxe5 44. Bb4 Kd5 45. Ba5 Kc6 46. Bb4 Kb5 47.
Bd6 Ka4 48. Bg3 Kb3 0-1

[Event "Moscow-Open 2021_B"]
[Site "Moscow"]
[Date "2021.02.27"]
[Round "8.25"]
[White "Volchkova, Alena"]
[Black "Khachatryan, Marieta"]
[Result "1/2-1/2"]
[WhiteElo "1539"]
[BlackElo "1830"]
[PlyCount "80"]
[EventDate "2021.02.20"]

1. e4 c6 2. d4 d5 3. e5 Bf5 4. Nf3 e6 5. Be2 Ne7 6. O-O h6 7. Nbd2 Nd7 8. Nb3
Qc7 9. a4 a5 10. Bd2 g5 11. c3 Bg7 12. Ne1 c5 13. Nxc5 Nxc5 14. dxc5 Qxc5 15.
Bb5+ Kf8 16. Be3 Qc7 17. Nf3 Bg4 18. Bd4 Bxf3 19. Qxf3 Bxe5 20. Bxe5 Qxe5 21.
Rae1 Qf4 22. Qe2 Kg7 23. g3 Qd6 24. f4 gxf4 25. Rxf4 Ng6 26. Rf2 Rhf8 27. Bd3
Rae8 28. Bxg6 fxg6 29. Rxf8 Kxf8 30. Qb5 Qc7 31. Rf1+ Ke7 32. Qd3 Qb6+ 33. Kh1
Qxb2 34. Qxg6 Qxc3 35. Qf7+ Kd8 36. Qxb7 Qc7 37. Qb2 Qd6 38. Qb7 Qc7 39. Qb2
Qd6 40. Qb7 Qc7 1/2-1/2

[Event "Moscow-Open 2021_B"]
[Site "Moscow"]
[Date "2021.02.27"]
[Round "8.26"]
[White "Efimova, Darya"]
[Black "Zavivaeva, Emilia"]
[Result "0-1"]
[WhiteElo "1364"]
[BlackElo "1826"]
[PlyCount "108"]
[EventDate "2021.02.20"]

1. e4 d5 2. exd5 Qxd5 3. Nc3 Qd6 4. d4 g6 5. Nb5 Qd8 6. Bf4 Na6 7. Bc4 Bg7 8.
Nf3 Nf6 9. Qd2 O-O 10. O-O c6 11. Nc3 Nb4 12. a3 Nbd5 13. Nxd5 Nxd5 14. Bh6 b5
15. Bxg7 Kxg7 16. Bd3 Qd6 17. b3 Nf6 18. h3 Bb7 19. b4 Rad8 20. c3 Qd7 21. Ne5
Qd5 22. f4 Nh5 23. f5 Rd6 24. Ng4 Ng3 25. f6+ exf6 26. Rxf6 Rfd8 27. Re1 Nh5
28. Re5 Nxf6 29. Rxd5 Nxd5 30. Ne5 Rf6 31. Ng4 Re6 32. Qh6+ Kg8 33. Qg5 Rdd6
34. Qd2 h5 35. Ne5 Kg7 36. Qf2 Rf6 37. Qd2 Nf4 38. Bf1 Ne6 39. g4 h4 40. Bd3
Nf4 41. Bf1 g5 42. Nf3 Nxh3+ 43. Bxh3 Rxf3 44. Qxg5+ Rg6 45. Qe5+ Kh7 46. Bg2
Rg3 47. Qh5+ Kg8 48. Qe5 R3xg4 49. Qe8+ Kg7 50. Qe5+ Kh7 51. Qe7 Rxg2+ 52. Kh1
Rg1+ 53. Kh2 R6g2+ 54. Kh3 Bc8+ 0-1

[Event "Moscow-Open 2021_B"]
[Site "Moscow"]
[Date "2021.02.27"]
[Round "8.27"]
[White "Vasiljeva, Anna"]
[Black "Dryaeva, Lana"]
[Result "1-0"]
[WhiteElo "1797"]
[BlackElo "1404"]
[PlyCount "90"]
[EventDate "2021.02.20"]

1. e4 e5 2. Nf3 d6 3. Bc4 Be7 4. O-O Nf6 5. Re1 O-O 6. d3 c6 7. a4 Qc7 8. Bg5
Be6 9. Nc3 h6 10. Bh4 Ne8 11. Bxe6 fxe6 12. Bg3 g5 13. d4 exd4 14. Qxd4 e5 15.
Qc4+ Kh7 16. a5 Nd7 17. Nd1 Ng7 18. b4 a6 19. Ne3 Qd8 20. Rad1 Qe8 21. h4 Qg6
22. hxg5 hxg5 23. Kf1 Qf7 24. Qd3 Kg6 25. Nc4 Ne8 26. Rd2 Qe6 27. Ke2 Rh8 28.
Rdd1 Ndf6 29. Rh1 Nh5 30. Ne3 Neg7 31. Qd2 Nxg3+ 32. fxg3 Rxh1 33. Rxh1 Nh5 34.
Nf5 Rd8 35. Rxh5 Qc4+ 36. Kf2 Kxh5 37. Nxe7 Rg8 38. Nxg8 Qxg8 39. Qxd6 Qc4 40.
Qd2 Qg8 41. Nxe5 Qg7 42. g4+ Kh6 43. Qd6+ Kh7 44. Qd7 Qxd7 45. Nxd7 Kg6 1-0

[Event "Moscow-Open 2021_B"]
[Site "Moscow"]
[Date "2021.02.27"]
[Round "8.28"]
[White "Kalenichenko, Alina"]
[Black "Gutkovich, Polina"]
[Result "1/2-1/2"]
[WhiteElo "1638"]
[BlackElo "2061"]
[PlyCount "80"]
[EventDate "2021.02.20"]

1. Nf3 d5 2. g3 Nd7 3. Bg2 e5 4. d3 Ngf6 5. O-O Be7 6. e4 dxe4 7. dxe4 b6 8.
Nc3 Ba6 9. Re1 c6 10. Bf1 Bxf1 11. Kxf1 Qc7 12. Nh4 g6 13. Qf3 Nh5 14. Ng2 Nc5
15. Be3 Ne6 16. Red1 O-O 17. Rd2 Bc5 18. Nh4 Rad8 19. Rad1 Nd4 20. Bxd4 Bxd4
21. Nf5 Bxc3 22. bxc3 Rxd2 23. Rxd2 Rd8 24. Rd3 Rd7 25. Ke2 Nf6 26. Nh6+ Kg7
27. Ng4 Ne8 28. Ne3 b5 29. Qg4 Rxd3 30. cxd3 Qa5 31. Qd7 Qxa2+ 32. Kf3 Nf6 33.
Qxc6 a5 34. Qxb5 a4 35. Qxe5 a3 36. Nd5 Qb2 37. Qxf6+ Kg8 38. Qd8+ Kg7 39. Qf6+
Kg8 40. Qd8+ Kg7 1/2-1/2

[Event "Moscow-Open 2021_B"]
[Site "Moscow"]
[Date "2021.02.27"]
[Round "8.29"]
[White "Shenker, Angelina"]
[Black "Laukhina, Margarita A."]
[Result "1/2-1/2"]
[WhiteElo "1652"]
[BlackElo "1761"]
[PlyCount "111"]
[EventDate "2021.02.20"]

1. d4 Nf6 2. Nf3 c5 3. d5 d6 4. Nc3 g6 5. e4 Bg7 6. h3 O-O 7. Bd3 Na6 8. O-O
Nc7 9. Nd2 Rb8 10. a4 e5 11. Nc4 Nfe8 12. Ne3 f5 13. f3 f4 14. Nc4 Qg5 15. Kh1
Qh5 16. Qe2 g5 17. Bd2 Rf6 18. Nd1 Rh6 19. Nf2 Qf7 20. Ng4 Rg6 21. Kg1 h5 22.
Nh2 Bf8 23. Kf2 Nf6 24. Ke1 Qh7 25. Rh1 g4 26. h4 gxf3 27. Nxf3 Bg4 28. c3 Qg7
29. Rg1 Bxf3 30. Qxf3 Rg3 31. Qf1 Qg4 32. Be2 Qxh4 33. Kd1 Nxe4 34. Be1 Nxd5
35. Bxg3 Nxg3 36. Qf3 e4 37. Qf2 Rd8 38. Kc2 Qg5 39. Rad1 Qf5 40. Kb3 a6 41.
Na3 Ne3 42. Rd2 d5 43. Ka2 d4 44. cxd4 cxd4 45. Rc1 d3 46. Bd1 Nd5 47. Qd4 Bg7
48. Qc4 Kh7 49. Bb3 Ne3 50. Qc5 Qxc5 51. Rxc5 Nef1 52. Rd1 e3 53. Rxd3 e2 54.
Rc1 Rc8 55. Re1 Ne3 56. Rxe2 1/2-1/2

[Event "Moscow-Open 2021_B"]
[Site "Moscow"]
[Date "2021.02.27"]
[Round "8.30"]
[White "Barkasheva, Sofia"]
[Black "Yusupova, Elina"]
[Result "1-0"]
[WhiteElo "1634"]
[BlackElo "1575"]
[PlyCount "69"]
[EventDate "2021.02.20"]

1. e4 c5 2. Nf3 Nc6 3. d4 cxd4 4. Nxd4 g6 5. Nc3 Bg7 6. Be3 Nf6 7. Bc4 O-O 8.
Bb3 d6 9. f3 Bd7 10. Qd2 a6 11. O-O-O b5 12. h4 h5 13. Nxc6 Bxc6 14. Nd5 Nxd5
15. exd5 Bd7 16. g4 a5 17. a3 a4 18. Ba2 hxg4 19. h5 Bf5 20. fxg4 Bxg4 21. Rdg1
Bf5 22. Bd4 Rc8 23. c3 Qd7 24. Rh4 e5 25. dxe6 Bxe6 26. Bxg7 Kxg7 27. hxg6 fxg6
28. Qh6+ Kf7 29. Qxg6+ Ke7 30. Rh7+ Rf7 31. Rxf7+ Bxf7 32. Qxf7+ Kd8 33. Rg8+
Kc7 34. Rxc8+ Kxc8 35. Be6 1-0

[Event "Moscow-Open 2021_B"]
[Site "Moscow"]
[Date "2021.02.27"]
[Round "8.31"]
[White "Tumashevich, Elizaveta"]
[Black "Lyutsinger, Iren"]
[Result "1-0"]
[WhiteElo "1732"]
[BlackElo "1415"]
[PlyCount "153"]
[EventDate "2021.02.20"]

1. d4 Nf6 2. c4 g6 3. Nf3 Bg7 4. g3 O-O 5. Bg2 d6 6. O-O c5 7. Nc3 Nc6 8. dxc5
dxc5 9. Be3 Be6 10. Bxc5 Qa5 11. Ba3 Bxc4 12. Nd4 Qc7 13. Nxc6 bxc6 14. Qa4 Bd5
15. Nxd5 cxd5 16. Rac1 Qe5 17. e3 Rfd8 18. Rc2 Nd7 19. Qa5 Nb6 20. b3 Rd7 21.
Rfc1 Rad8 22. Bc5 d4 23. exd4 Rxd4 24. Qxa7 Rd1+ 25. Rxd1 Rxd1+ 26. Bf1 Qe1 27.
Qa6 Nd5 28. Qe2 Qxe2 29. Rxe2 e6 30. Kg2 Bf8 31. Bxf8 Kxf8 32. Rb2 Ke7 33. b4
Kd6 34. Bc4 Rd4 35. Bxd5 Rxd5 36. Kf3 Kc6 37. a4 Kb6 38. Ke3 Re5+ 39. Kd4 Rh5
40. h4 Rd5+ 41. Kc4 g5 42. hxg5 Rxg5 43. Rd2 h5 44. Rd4 Rf5 45. f4 e5 46. a5+
Ka6 47. fxe5 Rxe5 48. Rd6+ Kb7 49. Rd7+ Ka6 50. Rxf7 h4 51. gxh4 Re4+ 52. Kc5
Rc4+ 53. Kd5 Rxb4 54. Rh7 Kxa5 55. Rh8 Rb5+ 56. Kc4 Rf5 57. Kd4 Kb6 58. Ke4 Rf1
59. h5 Kb7 60. Ke5 Ka7 61. Rh6 Re1+ 62. Kf6 Rf1+ 63. Kg7 Rg1+ 64. Rg6 Rb1 65.
Rf6 Rg1+ 66. Kf7 Rh1 67. h6 Rh2 68. Kg7 Rg2+ 69. Rg6 Rb2 70. h7 Rb7+ 71. Kh6
Rb8 72. Rg8 Rb6+ 73. Kg5 Rb5+ 74. Kf4 Rb4+ 75. Ke3 Rb3+ 76. Kd4 Rb4+ 77. Kc5
1-0

[Event "Moscow-Open 2021_B"]
[Site "Moscow"]
[Date "2021.02.27"]
[Round "8.32"]
[White "Uzintseva, Daria"]
[Black "Tsamalaidze, Liana"]
[Result "0-1"]
[WhiteElo "1326"]
[BlackElo "1446"]
[PlyCount "60"]
[EventDate "2021.02.20"]

1. d4 Nf6 2. c4 e6 3. g3 d5 4. Bg2 c6 5. Qc2 Bd6 6. Nf3 O-O 7. O-O Nbd7 8. Nbd2
e5 9. e4 dxe4 10. Nxe5 Nxe5 11. dxe5 Bxe5 12. Nxe4 Nxe4 13. Bxe4 f5 14. Bg2 f4
15. Qe4 Qf6 16. Bxf4 Bxf4 17. Qxf4 Qxb2 18. Qe3 Bf5 19. Qb3 Qxb3 20. axb3 Rf7
21. Rfe1 a6 22. c5 Kf8 23. b4 Rd8 24. Rad1 Rfd7 25. Bf3 Rd4 26. Kg2 R8d7 27.
Re5 g6 28. Rxd4 Rxd4 29. Re1 Rxb4 30. Rc1 a5 0-1

[Event "Moscow-Open 2021_B"]
[Site "Moscow"]
[Date "2021.02.27"]
[Round "8.33"]
[White "Novikova, Daria"]
[Black "Khamnueva, Mariya"]
[Result "1-0"]
[WhiteElo "1430"]
[BlackElo "1426"]
[PlyCount "47"]
[EventDate "2021.02.20"]

1. e4 c5 2. Nf3 d6 3. d4 cxd4 4. Nxd4 Nf6 5. Nc3 a6 6. Be2 e6 7. Be3 Be7 8. O-O
O-O 9. f4 Nc6 10. Bf3 Qc7 11. Nxc6 bxc6 12. Na4 Rb8 13. c4 Rd8 14. Qc2 e5 15.
f5 Rd7 16. Rac1 Qd8 17. Kh1 h5 18. Rfd1 Ng4 19. Bxg4 hxg4 20. Qe2 Bg5 21. Rc3
Bxe3 22. Rxe3 Bb7 23. Qxg4 Qe7 24. f6 1-0

[Event "Moscow-Open 2021_B"]
[Site "Moscow"]
[Date "2021.02.27"]
[Round "8.34"]
[White "Gurgenidze, Aleksandra"]
[Black "Zagrebina, Marina"]
[Result "1-0"]
[WhiteElo "1399"]
[BlackElo "1382"]
[PlyCount "45"]
[EventDate "2021.02.20"]

1. d4 Nf6 2. c4 e6 3. Nc3 d5 4. cxd5 exd5 5. Bg5 Be7 6. e3 c6 7. Bd3 O-O 8. Qc2
h6 9. Bh4 Re8 10. Nf3 Nbd7 11. O-O Ne4 12. Bxe4 Bxh4 13. Bh7+ Kh8 14. Nxh4 Qxh4
15. Bd3 Nf6 16. b4 Ne4 17. a4 Re6 18. b5 f5 19. Ne2 g5 20. f3 Qh5 21. fxe4 fxe4
22. Rf8+ Kg7 23. Ng3 1-0

[Event "Moscow-Open 2021_B"]
[Site "Moscow"]
[Date "2021.02.28"]
[Round "9.7"]
[White "Alekseeva, Irina"]
[Black "Charochkina, Daria"]
[Result "1/2-1/2"]
[WhiteElo "2113"]
[BlackElo "2337"]
[PlyCount "66"]
[EventDate "2021.02.20"]

1. e4 d6 2. d4 Nf6 3. Nc3 g6 4. Bg5 h6 5. Bxf6 exf6 6. Qf3 h5 7. Bc4 Nd7 8.
Nge2 Nb6 9. Bb3 Qe7 10. O-O-O Bg4 11. Qd3 O-O-O 12. f3 Bd7 13. Kb1 Bh6 14. a4
a5 15. Nb5 Kb8 16. c4 f5 17. Nec3 fxe4 18. fxe4 c6 19. c5 dxc5 20. Qg3+ Ka8 21.
Qc7 cxb5 22. Qxb6 c4 23. axb5 Qb4 24. Bc2 Bg4 25. Rd2 Rd6 26. Qc7 Rc8 27. Qxc8+
Bxc8 28. e5 Rd5 29. Be4 Rxb5 30. h3 Bf4 31. Rf1 g5 32. d5 h4 33. Rxf4 gxf4
1/2-1/2

[Event "Moscow-Open 2021_B"]
[Site "Moscow"]
[Date "2021.02.28"]
[Round "9.8"]
[White "Shafigullina, Zarina"]
[Black "Yakimova, Mariya"]
[Result "1-0"]
[WhiteElo "2311"]
[BlackElo "2232"]
[PlyCount "91"]
[EventDate "2021.02.20"]

1. d4 Nf6 2. c4 g6 3. Nc3 Bg7 4. e4 d6 5. Be2 O-O 6. Be3 e5 7. d5 Na6 8. g4 Nc5
9. f3 h5 10. g5 Nh7 11. h4 f6 12. gxf6 Bxf6 13. Bf2 Be7 14. Qd2 Rf4 15. O-O-O
Bxh4 16. Be3 Bg5 17. Nh3 Bxh3 18. Rxh3 Qf6 19. Rg1 Kf7 20. Kc2 Bh6 21. Bxf4
Bxf4 22. Qe1 a5 23. b3 Nf8 24. Rhh1 Nfd7 25. Rg2 Na6 26. a3 Ndc5 27. Bd1 c6 28.
Qf1 Bh6 29. Kb1 Be3 30. Bc2 Rg8 31. Qe1 Bh6 32. Ne2 Rg7 33. Rf1 b6 34. f4 Ke8
35. f5 g5 36. dxc6 Nb8 37. b4 axb4 38. axb4 Nxc6 39. bxc5 bxc5 40. Ba4 Rb7+ 41.
Kc2 Kd7 42. Nc3 Ra7 43. Bxc6+ Kxc6 44. Qb1 Rb7 45. Qa2 Kd7 46. Qa4+ 1-0

[Event "Moscow-Open 2021_B"]
[Site "Moscow"]
[Date "2021.02.28"]
[Round "9.9"]
[White "Loskutova, Viktoriya"]
[Black "Grigorieva, Yulia"]
[Result "1-0"]
[WhiteElo "2096"]
[BlackElo "2273"]
[PlyCount "113"]
[EventDate "2021.02.20"]

1. e4 e5 2. Nf3 Nc6 3. Bb5 a6 4. Ba4 Nf6 5. O-O b5 6. Bb3 Bc5 7. c3 d6 8. a4
Rb8 9. d4 Bb6 10. axb5 axb5 11. Na3 O-O 12. Nxb5 Bg4 13. Bc2 Bxf3 14. gxf3 Nh5
15. f4 Nxf4 16. Bxf4 exf4 17. Qg4 Ne7 18. Na3 Ng6 19. Nc4 d5 20. exd5 Qxd5 21.
Nd2 c5 22. Be4 Qd8 23. d5 Re8 24. Rfe1 Bc7 25. Nc4 Ne5 26. Nxe5 Rxe5 27. Bxh7+
Kf8 28. Rxe5 Bxe5 29. Qh5 Qd6 30. Re1 Bf6 31. Bd3 g6 32. Bxg6 fxg6 33. Qxg6 Qd8
34. Re4 Rb7 35. Qh6+ Rg7+ 36. Kf1 Kf7 37. Rxf4 Qd6 38. Qh5+ Kf8 39. Ra4 Rb7 40.
Qh6+ Kf7 41. Qh5+ Kf8 42. Ra8+ Rb8 43. Qh6+ Kg8 44. Qg6+ Kh8 45. Rxb8+ Qxb8 46.
Qxf6+ Kh7 47. Qe7+ Kg6 48. d6 Qb5+ 49. Qe2 c4 50. Qe4+ Kh5 51. Qf3+ Kg5 52.
Qe3+ Kh5 53. Qe2+ Kh4 54. Qe7+ Kh3 55. d7 Qf5 56. Qe3+ Kxh2 57. Qg3+ 1-0

[Event "Moscow-Open 2021_B"]
[Site "Moscow"]
[Date "2021.02.28"]
[Round "9.10"]
[White "Danilova, Rada"]
[Black "Kurmangaliyeva, Liya"]
[Result "0-1"]
[WhiteElo "2048"]
[BlackElo "2186"]
[PlyCount "85"]
[EventDate "2021.02.20"]

1. d4 Nf6 2. c4 e6 3. Nf3 d5 4. Nc3 Bb4 5. e3 O-O 6. Bd3 dxc4 7. Bxc4 b6 8. O-O
Bb7 9. a3 Bxc3 10. bxc3 Nbd7 11. a4 c5 12. Be2 Qc7 13. c4 Rac8 14. Ba3 Rfd8 15.
Rc1 cxd4 16. exd4 Qf4 17. Be7 Re8 18. Bb4 Bxf3 19. Bxf3 e5 20. Bd6 Qxd4 21.
Qxd4 exd4 22. Bb7 Rcd8 23. Bc7 Nc5 24. Bxd8 Rxd8 25. Bf3 g5 26. h3 d3 27. Bd1
d2 28. Ra1 Rd4 29. a5 Nfe4 30. axb6 axb6 31. Rb1 Nd7 32. Rb2 Kg7 33. f3 Nd6 34.
Bb3 Nxc4 35. Bxc4 d1=Q 36. Rxd1 Rxd1+ 37. Kf2 Ne5 38. Be2 Rd6 39. Rb4 Ng6 40.
g3 f5 41. f4 h6 42. Ba6 Kf6 43. Ke3 0-1

[Event "Moscow-Open 2021_B"]
[Site "Moscow"]
[Date "2021.02.28"]
[Round "9.11"]
[White "Porozhnyak, Maya"]
[Black "Nosacheva, Mariya"]
[Result "0-1"]
[WhiteElo "1976"]
[BlackElo "2222"]
[PlyCount "78"]
[EventDate "2021.02.20"]

1. e4 c5 2. Nf3 d6 3. d4 cxd4 4. Nxd4 Nf6 5. Nc3 e6 6. Bg5 Nbd7 7. f4 a6 8. Qf3
Qc7 9. g4 b5 10. Bd3 Bb7 11. Bxf6 Nxf6 12. g5 Nd7 13. O-O-O b4 14. Nce2 a5 15.
Qh3 g6 16. f5 exf5 17. exf5 Bxh1 18. Qe3+ Ne5 19. Rxh1 Be7 20. Bb5+ Kf8 21. Rf1
Kg8 22. f6 Bf8 23. Qe4 Rb8 24. h4 h6 25. Rh1 hxg5 26. hxg5 Rxh1+ 27. Qxh1 Qc5
28. Ba4 Nc4 29. Qh4 Rc8 30. Qf4 Qd5 31. c3 Rc5 32. Bb3 Qh1+ 33. Kc2 Qg2 34. Kc1
Nb6 35. Ne6 Qxe2 36. Nxc5 dxc5 37. Qc7 c4 38. Qxb6 cxb3 39. axb3 bxc3 0-1

[Event "Moscow-Open 2021_B"]
[Site "Moscow"]
[Date "2021.02.28"]
[Round "9.12"]
[White "Zvereva, Margarita"]
[Black "Zeliantsova, Kseniya"]
[Result "0-1"]
[WhiteElo "1937"]
[BlackElo "2166"]
[PlyCount "58"]
[EventDate "2021.02.20"]

1. e4 c5 2. Nf3 Nc6 3. d4 cxd4 4. Nxd4 g6 5. Nc3 Bg7 6. Be3 Nf6 7. Bc4 d6 8. f3
O-O 9. Qd2 Bd7 10. h4 Rc8 11. Bb3 h5 12. O-O-O Ne5 13. Kb1 Nc4 14. Bxc4 Rxc4
15. g4 hxg4 16. h5 Nxh5 17. Rdg1 e5 18. Nb3 Nf4 19. Ne2 gxf3 20. Ng3 Qf6 21.
Qh2 Rfc8 22. c3 d5 23. Nd2 Ra4 24. Nxf3 dxe4 25. Nd2 Qa6 26. Bxf4 exf4 27. Qh7+
Kf8 28. Nh5 Qd3+ 29. Ka1 Bxc3 0-1

[Event "Moscow-Open 2021_B"]
[Site "Moscow"]
[Date "2021.02.28"]
[Round "9.13"]
[White "Korchagina, Alena"]
[Black "Shestakova, Ekaterina"]
[Result "1-0"]
[WhiteElo "2132"]
[BlackElo "1959"]
[PlyCount "85"]
[EventDate "2021.02.20"]

1. Nf3 c5 2. c4 g6 3. d4 Bg7 4. e4 d6 5. Nc3 Nc6 6. Be3 cxd4 7. Nxd4 Bd7 8. Be2
Nf6 9. O-O O-O 10. Qd2 Rc8 11. f3 a6 12. Rac1 Nxd4 13. Bxd4 Bc6 14. Be3 Re8 15.
Rfd1 Qd7 16. b4 b5 17. cxb5 axb5 18. a4 bxa4 19. b5 Bb7 20. Nxa4 Qe6 21. Nb6
Rb8 22. Bc4 Qe5 23. Bd4 Qh5 24. Qa2 g5 25. h3 Qg6 26. Bd3 e5 27. Be3 h5 28. Rc7
g4 29. Bc4 Rf8 30. Rxd6 gxf3 31. Nd7 Qxe4 32. Nxf6+ Bxf6 33. Bxf7+ Kh8 34. Qf2
Qf5 35. Kh2 e4 36. g3 Bg7 37. Be6 Qe5 38. Rdd7 Rfe8 39. Rxg7 Qxg7 40. Rxg7 Kxg7
41. Qb2+ Kg6 42. Qe5 Rh8 43. Qg5+ 1-0

[Event "Moscow-Open 2021_B"]
[Site "Moscow"]
[Date "2021.02.28"]
[Round "9.14"]
[White "Tokmakova, Ulyana"]
[Black "Yurasova, Daria"]
[Result "1-0"]
[WhiteElo "1882"]
[BlackElo "2110"]
[PlyCount "99"]
[EventDate "2021.02.20"]

1. c4 b6 2. Nc3 Bb7 3. e4 c5 4. g3 Nf6 5. Bg2 d6 6. Nge2 e6 7. O-O Nbd7 8. d4
cxd4 9. Nxd4 Qc7 10. Ndb5 Qb8 11. Bf4 e5 12. Bg5 Be7 13. Bh3 a6 14. Na3 Nxe4
15. Bxd7+ Kxd7 16. Qg4+ f5 17. Qxf5+ Ke8 18. Nxe4 Bxe4 19. Qxe4 Bxg5 20. Nc2
Ra7 21. Nb4 Qc8 22. Nd5 Rf8 23. f4 Bf6 24. Kh1 Qc5 25. b4 Qd4 26. Qxd4 exd4 27.
Nxb6 Kf7 28. Nd5 Rc8 29. Rac1 Re8 30. Rc2 Re4 31. Rd1 Bd8 32. Kg2 Ra8 33. Kf3
Re6 34. Rxd4 Re1 35. Re4 Rf1+ 36. Kg2 Rb1 37. Kf3 Rh1 38. Kg2 Rb1 39. f5 Rc8
40. Re6 Rc6 41. c5 Rd1 42. Ne3 Rd3 43. Nc4 Kf8 44. Ne5 dxe5 45. Rxc6 e4 46.
Rxa6 Bc7 47. Re6 e3 48. Re2 g6 49. fxg6 hxg6 50. R2xe3 1-0

[Event "Moscow-Open 2021_B"]
[Site "Moscow"]
[Date "2021.02.28"]
[Round "9.15"]
[White "Tarasenka, Aliaksandra"]
[Black "Baiburina, Kamilla"]
[Result "0-1"]
[WhiteElo "1995"]
[BlackElo "1829"]
[PlyCount "68"]
[EventDate "2021.02.20"]

1. e4 e6 2. d4 d5 3. Nc3 Nf6 4. e5 Nfd7 5. Nce2 c5 6. c3 Nc6 7. f4 Qb6 8. Nf3
f6 9. g3 cxd4 10. Nexd4 fxe5 11. Nxc6 bxc6 12. fxe5 Bc5 13. Qe2 a5 14. Bf4 Nf8
15. O-O-O Ng6 16. Nd4 Rf8 17. Bg5 Ba6 18. Qg4 Rf2 19. Nc2 Rb8 20. b3 Kd7 21.
Bf4 Rf8 22. h4 Nxf4 23. Qxg7+ Kd8 24. gxf4 R8xf4 25. Bxa6 Qxa6 26. Qxh7 Rf5 27.
Rdg1 R5f3 28. Kb2 a4 29. b4 Qc4 30. bxc5 Qxc3+ 31. Kc1 a3 32. Qg8+ Kd7 33. Qh7+
Rf7 34. Qxf7+ Rxf7 0-1

[Event "Moscow-Open 2021_B"]
[Site "Moscow"]
[Date "2021.02.28"]
[Round "9.16"]
[White "Getman, Tatyana"]
[Black "Bubeeva, Larisa"]
[Result "1/2-1/2"]
[WhiteElo "2271"]
[BlackElo "1810"]
[PlyCount "97"]
[EventDate "2021.02.20"]

1. d4 Nf6 2. c4 e6 3. Nf3 d5 4. Nc3 a6 5. cxd5 exd5 6. Bg5 Be7 7. e3 Nbd7 8.
Bd3 O-O 9. Qc2 h6 10. Bf4 c5 11. a4 Re8 12. O-O cxd4 13. exd4 Nb8 14. h3 Nc6
15. Qd2 Bf8 16. Rae1 Be6 17. Bb1 Qb6 18. Kh1 Na5 19. Ba2 Rad8 20. Be5 Ne4 21.
Qf4 Nxc3 22. bxc3 Rc8 23. Re3 Nc4 24. Bxc4 dxc4 25. Nh4 Qc6 26. Rg3 Kh7 27. Nf5
g5 28. Qg4 Qd7 29. Rf3 Bd5 30. h4 Bxf3 31. gxf3 Be7 32. h5 Qe6 33. Qe4 Bf6 34.
Nd6+ Kg7 35. Bxf6+ Qxf6 36. Nxe8+ Rxe8 37. Qxb7 Qf4 38. Kg2 g4 39. Rh1 Rg8 40.
Rh4 gxf3+ 41. Kh3 Qf5+ 42. Rg4+ Kh8 43. Qe4 Qxh5+ 44. Rh4 Qg5 45. Qxf3 f5 46.
Qg3 Qc1 47. Qf3 Qf1+ 48. Kh2 Qg1+ 49. Kh3 1/2-1/2

[Event "Moscow-Open 2021_B"]
[Site "Moscow"]
[Date "2021.02.28"]
[Round "9.17"]
[White "Ilyina, Lada"]
[Black "Khachatryan, Nadezhda"]
[Result "1-0"]
[WhiteElo "1959"]
[BlackElo "1665"]
[PlyCount "117"]
[EventDate "2021.02.20"]

1. e4 c6 2. d3 d5 3. Qe2 dxe4 4. dxe4 e5 5. Nf3 Bg4 6. c3 Nd7 7. Be3 Ngf6 8.
Qc2 Qc7 9. Nbd2 Bc5 10. Bg5 h6 11. Bh4 b5 12. Be2 Be6 13. b4 Be7 14. a4 bxa4
15. Qxa4 O-O 16. O-O c5 17. Bg3 cxb4 18. cxb4 Bd6 19. Ba6 Rfb8 20. Rfb1 Rb6 21.
Bf1 Qb7 22. Ba6 Qb8 23. b5 Nc5 24. Qc2 Qc7 25. Ne1 Rab8 26. f3 Nxa6 27. bxa6
Rxb1 28. Rxb1 Rxb1 29. Qxb1 Qa5 30. Nf1 Bc5+ 31. Bf2 Bxf2+ 32. Kxf2 Qxa6 33.
Qb8+ Kh7 34. Qxe5 Qa2+ 35. Ke3 a5 36. Nd2 Nd7 37. Qc3 Nb6 38. Kd4 Qa4+ 39. Kd3
Qb5+ 40. Kc2 Na4 41. Qa3 Qc6+ 42. Kd3 Nc5+ 43. Ke3 Qb6 44. Ke2 a4 45. Nd3 Nxd3
46. Kxd3 Bd7 47. Kc2 Qf2 48. Qd6 Be6 49. g4 Qe3 50. Qd3 Qa7 51. e5+ g6 52. Kb2
Qc5 53. Qc3 Qd5 54. Ka3 Bd7 55. Ne4 Qb7 56. Nf6+ Kg7 57. Nxd7 Kg8 58. Nf6+ Kg7
59. Kxa4 1-0